[Event "Mistrovstvi CR senioru nad 60 let"]
[Site "Rychnov nad Kneznou"]
[Date "2015.08.23"]
[Round "9.3"]
[White "Lorenc, Oldrich"]
[Black "Kotva, Milan"]
[Result "1/2-1/2"]
[WhiteElo "2050"]
[BlackElo "2006"]
[EventDate "2015.08.15"]

1. Nf3  d5  2. g3  Nf6
3. Bg2  c6  4. b3
Bf5  5. O-O  e6
6. Bb2  Bd6  7. c4  Nbd7
8. cxd5  exd5  9. d4
O-O  10. Nc3  Re8
11. e3  Ne4  12. Rc1
Ndf6  13. Nxe4  Nxe4
14. Nd2  Ng5  15. h4
Nh3+  16. Bxh3  Bxh3
17. Re1  Qd7  18. e4
Bg4  19. Qc2  dxe4
20. Nxe4  Bf5  21. Re3
Bxe4  22. Rxe4  Rxe4
23. Qxe4  Re8  24. Qf3
Qe6  25. Bc3  Qd5
26. Qxd5  cxd5  27. Kf1
f5  28. Bd2  Kf7
29. Be3  Bxg3  30. fxg3
Rxe3  31. Kf2  Re7
32. Kf3  Kf6  33. Rc5
Ke6  34. Kf4  g6
35. Kg5  Kd6  36. Rc3
Re4  37. h5  Rxd4
38. hxg6  Rg4+  39. Kxf5
Rxg6  40. g4  Rg7
41. Kf4  Rf7+  42. Ke3
Ke5  43. Rc8  d4+
44. Ke2  Kf4  45. Rd8
Kxg4  46. Rxd4+  Kg5
47. Rd5+  Kg6  48. Rd6+
Kf5  49. Rd5+  Ke4
50. Ra5  b6  51. Ra4+
Kf5  52. Kf3  Kg5+
53. Kg3  h5  54. Rd4
Rf5  55. a4  Rc5
56. Rd3  a6  57. b4
Re5  58. Rd6  Re3+
59. Kg2  Ra3  60. Rxb6
Rxa4  61. Rb7  Kf4
62. b5  1/2-1/2

[Event "Mistrovstvi CR senioru nad 60 let"]
[Site "Rychnov nad Kneznou"]
[Date "2015.08.23"]
[Round "9.4"]
[White "Uhmann, Jan"]
[Black "Just, Pavel"]
[Result "1-0"]
[WhiteElo "2019"]
[BlackElo "1999"]
[EventDate "2015.08.15"]

1. d4  d6  2. c4  e5
3. e3  Nf6  4. Nc3
exd4  5. exd4  Bf5
6. Nf3  c6  7. Be2
Be7  8. O-O  O-O
9. Re1  Ne4  10. Qb3
Nxc3  11. bxc3  b6
12. Bf4  a5  13. a4
Nd7  14. Nd2  Bg5
15. Bxg5  Qxg5  16. Nf1
Rac8  17. Ng3  Bg6
18. Bf3  Rfd8  19. Re2
h6  20. Rae1  Kf8
21. h3  Qf6  22. Bg4
Rb8  23. Bxd7  Rxd7
24. Qxb6  Rc8  25. Qxa5
Bd3  26. Qa6  Rdd8
27. Re3  Bg6  28. Qb6
c5  29. Rf3  Qh4
30. Nf5  Bxf5  31. Rxf5
f6  32. Rd5  Rb8 33. Qc7 1-0

[Event "Mistrovstvi CR senioru nad 60 let"]
[Site "Rychnov nad Kneznou"]
[Date "2015.08.23"]
[Round "9.5"]
[White "Ondrejat, Miroslav"]
[Black "Trojan, Lubos"]
[Result "0-1"]
[WhiteElo "1992"]
[BlackElo "1998"]
[EventDate "2015.08.15"]

1. Nf3  d5  2. b3  Bf5
3. Bb2  Nd7  4. e3
Ngf6  5. c4  e6
6. Be2  h6  7. O-O  c6
8. Nc3  Bd6  9. Nd4
Bh7  10. f4  Qe7
11. cxd5  exd5  12. Qe1
O-O-O  13. a4  Bc5
14. Nd1  Rde8  15. a5
Qd6  16. Rf3  Be4
17. Rg3  g5  18. fxg5
hxg5  19. a6  b6
20. Nf2  Ne5  21. Rc1
Kb8  22. d3  Bg6
23. Qc3  Bxd4  24. Qxd4
c5  25. Qa4  Rh4
26. Qa1  Nfd7  27. d4
Nc6  28. Bb5  Rc8
29. Qa4  f6  30. Qa1
Bf5  31. Ba3  Nb4
32. Qc3  Na2  33. dxc5
Nxc3 0-1

[Event "Mistrovstvi CR senioru nad 60 let"]
[Site "Rychnov nad Kneznou"]
[Date "2015.08.23"]
[Round "9.6"]
[White "Mlynek, Petr"]
[Black "Sibl, Vaclav"]
[Result "1-0"]
[WhiteElo "2197"]
[BlackElo "1936"]
[EventDate "2015.08.15"]

1. d4  d6  2. Nf3  Bg4
3. g3  Bxf3  4. exf3
d5  5. Bd3  c6
6. O-O  e6  7. Re1  g6
8. c3  Bg7  9. f4
Ne7  10. g4  O-O
11. Qf3  Qd7  12. Nd2
a5  13. Qh3  Na6
14. Nf3  Nc7  15. Ne5
Qc8  16. Bd2  Nb5
17. Re3  Nd6  18. Rae1
b6  19. Qh4  Ra7
20. Rh3  h6  21. f5
exf5  22. Bxh6  fxg4
23. Bxg7  Kxg7  24. Nxg4
1-0

[Event "Mistrovstvi CR senioru nad 60 let"]
[Site "Rychnov nad Kneznou"]
[Date "2015.08.23"]
[Round "9.7"]
[White "Novotny, Josef"]
[Black "Tsapanidis, Vasilis"]
[Result "1-0"]
[WhiteElo "2150"]
[BlackElo "1816"]
[EventDate "2015.08.15"]

1. e3  g6  2. d3  Bg7
3. g3  d5  4. f3
e5  5. Nh3  Nf6
6. Nf2  c5  7. Bg2  Nc6
8. O-O  O-O  9. Nd2
Be6  10. Re1  Re8
11. c3  d4  12. exd4
exd4  13. c4  Qd7
14. Nde4  Nxe4  15. Nxe4
b6  16. Bg5  Bf5
17. Qd2  Re6  18. Bh6
Rae8  19. Bxg7  Kxg7
20. f4  h6  21. h3
h5  22. a3  a5
23. Rf1  R6e7  24. Kh2  f6
25. Rf2  Nd8  26. b4
Qc7  27. bxc5  bxc5
28. Rb1  Bxe4  29. dxe4
Nb7  30. e5  Nd8
31. exf6+  Kxf6  32. h4
Re3  33. Rf3  Re2
34. Qd1  Qc6  35. Qf1
Qe6  36. Rfb3  Qxc4
37. f5  gxf5  38. Qf4
Nf7  39. Rf3  Qc2
40. Rg1  R8e4  41. Qxf5+
Ke7  42. Qxf7+  Kd6
43. Rf6+  Re6  44. Qf8+
Ke5  45. Rxe6+  Kxe6
46. Qf3  d3  47. Rf1
Qa2  48. Kg1  Ke7
49. Qf8+  1-0

[Event "Mistrovstvi CR senioru nad 60 let"]
[Site "Rychnov nad Kneznou"]
[Date "2015.08.23"]
[Round "9.8"]
[White "Dolezal, Radoslav"]
[Black "Salac, Jiri"]
[Result "1/2-1/2"]
[WhiteElo "1964"]
[BlackElo "2128"]
[PlyCount "33"]
[EventDate "2015.08.15"]

1. e4 c5 2. c3 d5 3. exd5 Qxd5 4. d4 cxd4 5. cxd4 Nc6 6. Nf3 e5 7. Nc3 Bb4 8.
dxe5 Qxd1+ 9. Kxd1 Bg4 10. Be2 O-O-O+ 11. Kc2 Bxf3 12. Bxf3 Nxe5 13. Be2 Ne7
14. Bf4 N7c6 15. Bxe5 Nxe5 16. Rad1 Bc5 17. Ne4 1/2-1/2

[Event "Mistrovstvi CR senioru nad 60 let"]
[Site "Rychnov nad Kneznou"]
[Date "2015.08.23"]
[Round "9.9"]
[White "Oburka, Vladislav"]
[Black "Jablecnik, Gustav"]
[Result "0-1"]
[WhiteElo "1874"]
[BlackElo "2102"]
[PlyCount "140"]
[EventDate "2015.08.15"]

1. e4 e5 2. Nf3 Nc6 3. Bb5 a6 4. Ba4 b5 5. Bb3 Bc5 6. c3 d6 7. d4 exd4 8. cxd4
Bb6 9. O-O Bg4 10. Bxf7+ Kxf7 11. Ng5+ Ke8 12. Qxg4 Nxd4 13. Ne6 Nxe6 14. Qxe6+
Qe7 15. Qd5 Rb8 16. Bg5 Nf6 17. Qc6+ Qd7 18. Qxd7+ Kxd7 19. Nc3 Bd4 20. Bxf6
Bxf6 21. Rac1 c5 22. b3 Rbe8 23. f3 g5 24. Rfe1 h5 25. Nd5 Bd4+ 26. Kh1 Rhf8
27. Ne3 b4 28. Nf5 Be5 29. Red1 Kc6 30. Nd4+ Kb6 31. Nf5 Re6 32. Rd5 a5 33.
Rcd1 Kc7 34. Rc1 g4 35. Rd3 a4 36. Ne3 axb3 37. axb3 gxf3 38. gxf3 Ra8 39. Nd5+
Kb7 40. f4 Bb2 41. Rc2 Bd4 42. Re2 Rae8 43. Kg2 Rxe4 44. Rxe4 Rxe4 45. Kf3 Re6
46. Nxb4 Bg1 47. Kg2 Bxh2 48. Kxh2 cxb4 49. Rd4 Kc6 50. Rxb4 Re3 51. Kg2 Kc5
52. Rb8 d5 53. Rc8+ Kd4 54. b4 Rb3 55. Rh8 Ke4 56. Rxh5 d4 57. f5 Rxb4 58. f6
Rb6 59. f7 Rf6 60. Rh4+ Ke3 61. Rh8 Rxf7 62. Re8+ Kd2 63. Rd8 d3 64. Kg3 Ke2
65. Re8+ Kd1 66. Rd8 d2 67. Kg2 Rf5 68. Rd7 Rf4 69. Rd8 Ke2 70. Re8+ Kd3 0-1

[Event "Mistrovstvi CR senioru nad 60 let"]
[Site "Rychnov nad Kneznou"]
[Date "2015.08.23"]
[Round "9.10"]
[White "Demeter, Istvan"]
[Black "Innemann, Frantisek"]
[Result "1/2-1/2"]
[WhiteElo "2025"]
[BlackElo "1877"]
[PlyCount "34"]
[EventDate "2015.08.15"]

1. Nf3 d5 2. g3 Nf6 3. Bg2 c5 4. c4 e6 5. O-O Be7 6. Na3 O-O 7. d3 Nc6 8. Nc2
d4 9. Bd2 e5 10. Rb1 a5 11. b3 Bd6 12. a3 Qe7 13. Ng5 h6 14. Ne4 Nxe4 15. dxe4
f5 16. Ne1 fxe4 17. Bxe4 Bf5 1/2-1/2

[Event "Mistrovstvi CR senioru nad 60 let"]
[Site "Rychnov nad Kneznou"]
[Date "2015.08.23"]
[Round "9.11"]
[White "Vlachopulos, Georgis"]
[Black "Pribyl, Jaroslav"]
[Result "1/2-1/2"]
[WhiteElo "1878"]
[BlackElo "2022"]
[PlyCount "132"]
[EventDate "2015.08.15"]

1. e4 c5 2. Nf3 Nf6 3. e5 Nd5 4. Nc3 e6 5. Bc4 Nb6 6. Be2 d5 7. d4 Nc6 8. Bg5
Be7 9. Bxe7 Qxe7 10. Nb5 O-O 11. c3 Bd7 12. O-O c4 13. Na3 Rfd8 14. Nc2 Nc8 15.
b4 cxb3 16. axb3 a5 17. Bd3 b5 18. Qe2 b4 19. c4 a4 20. cxd5 exd5 21. Rfb1 axb3
22. Rxb3 Rxa1+ 23. Nxa1 Na5 24. Rb1 Nb6 25. Nb3 Nac4 26. Nc5 Na4 27. Nxa4 Bxa4
28. Bxc4 dxc4 29. Qxc4 h6 30. h3 Qb7 31. Nd2 Bc6 32. f3 Bd5 33. Qd3 b3 34. Rb2
Qb4 35. Ne4 Ra8 36. Qc3 Qa3 37. Nd2 Rb8 38. Kf2 Qa4 39. Ne4 Qb5 40. Qc5 Qb7 41.
Nd6 Qa8 42. Ke3 Be6 43. Kd3 Qa1 44. Qc3 Ra8 45. Qd2 Qa6+ 46. Ke3 f6 47. f4 fxe5
48. dxe5 Qc6 49. f5 Bd5 50. Kd3 Ra2 51. g4 Bg2 52. Rxa2 Qd5+ 53. Kc3 bxa2 54.
Qxd5+ Bxd5 55. Kb2 Kf8 56. h4 Ke7 57. Nb5 Bf3 58. g5 hxg5 59. hxg5 Bc6 60. Nc3
Bd7 61. Nd5+ Kf8 62. e6 Bc6 63. Nc3 Ke7 64. Kxa2 g6 65. f6+ Kxe6 66. Kb3 Be8
1/2-1/2

[Event "Mistrovstvi CR senioru nad 60 let"]
[Site "Rychnov nad Kneznou"]
[Date "2015.08.23"]
[Round "9.12"]
[White "Hlavac, Frantisek"]
[Black "Perik, Alois"]
[Result "1-0"]
[WhiteElo "2010"]
[BlackElo "1862"]
[PlyCount "81"]
[EventDate "2015.08.15"]

1. e4 c6 2. d4 d5 3. exd5 cxd5 4. c3 Nf6 5. Bd3 Nc6 6. Nf3 Qc7 7. h3 e6 8. O-O
Bd6 9. Re1 Bd7 10. Bg5 O-O-O 11. b4 h6 12. Be3 Rhe8 13. a4 Kb8 14. Na3 Ne7 15.
Qb3 Ng6 16. Rec1 Nf4 17. Bf1 Ka8 18. c4 dxc4 19. Nxc4 N4d5 20. b5 Qb8 21. Nfe5
Bxe5 22. dxe5 Nxe3 23. fxe3 Ne4 24. a5 a6 25. Nb6+ Ka7 26. bxa6 Nd2 27. Qb2
Nxf1 28. axb7 Qxb7 29. Rxf1 Bc6 30. Rad1 f5 31. Rd6 Ka6 32. Rfd1 Rxd6 33. Rxd6
Kxa5 34. Nc4+ Ka6 35. Qc3 Ka7 36. Na5 Qb1+ 37. Kh2 Bb7 38. Rd7 Rb8 39. Nc6+ Kb6
40. Nxb8 Qe4 41. Qc7+ 1-0

[Event "Mistrovstvi CR senioru nad 60 let"]
[Site "Rychnov nad Kneznou"]
[Date "2015.08.23"]
[Round "9.14"]
[White "Truksa, Vaclav"]
[Black "Sobotnik, Petr"]
[Result "0-1"]
[WhiteElo "1857"]
[BlackElo "1984"]
[PlyCount "100"]
[EventDate "2015.08.15"]

1. d4 d5 2. Nf3 Nf6 3. Bf4 e6 4. e3 c5 5. c3 Nc6 6. Bd3 Bd7 7. Nbd2 Rc8 8. O-O
Be7 9. Rc1 Nh5 10. Bg3 Nxg3 11. fxg3 O-O 12. e4 cxd4 13. cxd4 Nb4 14. Bb1 Bb5
15. Re1 Rxc1 16. Qxc1 Nd3 17. Bxd3 Bxd3 18. Qc3 dxe4 19. Nxe4 Bxe4 20. Rxe4 Qd5
21. Re2 Bf6 22. b3 Rd8 23. Rd2 Qd7 24. Rc2 h6 25. Rd2 h5 26. h4 Rc8 27. Qb2 Qc7
28. Kf2 Qb6 29. Ke2 Rd8 30. Qc3 Qd6 31. Kf2 b6 32. Qb2 Rd7 33. Qc3 Rc7 34. Qb2
b5 35. Ne5 g5 36. g4 hxg4 37. h5 Bg7 38. g3 f5 39. Ke3 Kh7 40. Rd3 Qd5 41. Qf2
Bxe5 42. dxe5 Qxe5+ 43. Kd2 Qb2+ 44. Ke3 Qxf2+ 45. Kxf2 Kh6 46. Rd6 Re7 47. Ke3
Kxh5 48. a4 e5 49. axb5 f4+ 50. Kf2 e4 0-1

[Event "Mistrovstvi CR senioru nad 60 let"]
[Site "Rychnov nad Kneznou"]
[Date "2015.08.23"]
[Round "9.15"]
[White "Laska, Zdenek"]
[Black "Pavlis, Jaromir"]
[Result "1/2-1/2"]
[WhiteElo "1797"]
[BlackElo "1923"]
[PlyCount "21"]
[EventDate "2015.08.15"]

1. d4 d5 2. c4 e6 3. Nc3 Nf6 4. Bg5 Nbd7 5. e3 c6 6. Nf3 Qa5 7. Nd2 Bb4 8. Qc2
O-O 9. Be2 Bxc3 10. Qxc3 Qxc3 11. bxc3 1/2-1/2

[Event "Mistrovstvi CR senioru nad 60 let"]
[Site "Rychnov nad Kneznou"]
[Date "2015.08.23"]
[Round "9.16"]
[White "Majerik, Vladimir"]
[Black "Sedlacek, Jan"]
[Result "0-1"]
[WhiteElo "1837"]
[BlackElo "1909"]
[PlyCount "94"]
[EventDate "2015.08.15"]

1. d4 d5 2. Bg5 h6 3. Bh4 c5 4. dxc5 Qa5+ 5. c3 Qxc5 6. e3 e5 7. Nd2 Be7 8. Bg3
Bf6 9. Nb3 Qc6 10. Nf3 Bg4 11. Be2 Nd7 12. O-O Ne7 13. h3 Be6 14. Rc1 O-O 15.
Qd2 a5 16. a3 b5 17. Na1 Nf5 18. Bh2 Nd6 19. Rfd1 Rfd8 20. Qe1 Nc4 21. Bxc4
bxc4 22. Qe2 Bf5 23. Qd2 Bd3 24. Ne1 e4 25. Nec2 Qb6 26. Ne1 Be5 27. Bxe5 Nxe5
28. Nxd3 Nxd3 29. Rb1 Rdb8 30. b3 Qd6 31. b4 axb4 32. axb4 Ra6 33. Qe2 Ra3 34.
Nc2 Rxc3 35. Qd2 Rb3 36. Rxb3 cxb3 37. Nd4 Qxb4 38. Qe2 Qa3 39. Qg4 Qd6 40. Nf5
Qf6 41. Qg3 Rc8 42. Nd4 b2 43. Nb3 Rc1 44. Rxc1 Nxc1 45. Nd2 Nd3 46. f3 Qc6 47.
Nf1 Qc2 0-1

[Event "Mistrovstvi CR senioru nad 60 let"]
[Site "Rychnov nad Kneznou"]
[Date "2015.08.23"]
[Round "9.17"]
[White "Pokorny, Jan"]
[Black "Miciak, Emanuel"]
[Result "1-0"]
[WhiteElo "1803"]
[BlackElo "1889"]
[PlyCount "62"]
[EventDate "2015.08.15"]

1. c4 Nf6 2. Nf3 g6 3. g3 c5 4. Bg2 Bg7 5. O-O Nc6 6. Nc3 O-O 7. d3 d6 8. a3
Rb8 9. Nd2 Bd7 10. Rb1 Ng4 11. h3 Nh6 12. Kh2 Nf5 13. Nf3 Re8 14. Nd5 Qc8 15.
b4 cxb4 16. Nxb4 Nfd4 17. e3 Nxf3+ 18. Qxf3 Ne5 19. Qe2 e6 20. Bb2 b6 21. f4
Nc6 22. Bxg7 Kxg7 23. Qb2+ Kg8 24. Qf6 Ne7 25. e4 a5 26. Nc2 d5 27. Ne3 Qc5 28.
Ng4 h5 29. Nh6+ Kh7 30. Nxf7 Rf8 31. Ng5+ Kg8 1-0

[Event "Mistrovstvi CR senioru nad 60 let"]
[Site "Rychnov nad Kneznou"]
[Date "2015.08.23"]
[Round "9.18"]
[White "Lexa, Vaclav"]
[Black "Kasik, Miroslav"]
[Result "1/2-1/2"]
[WhiteElo "1880"]
[BlackElo "1753"]
[PlyCount "48"]
[EventDate "2015.08.15"]

1. d4 d5 2. Nf3 e6 3. Bf4 Nf6 4. e3 Nbd7 5. Bd3 Be7 6. Nbd2 c6 7. h3 b6 8. e4
dxe4 9. Nxe4 Nxe4 10. Bxe4 Bb7 11. Ne5 Nxe5 12. Bxe5 Bf6 13. Qf3 Rc8 14. Rd1
Qe7 15. c3 O-O 16. O-O Rfd8 17. Bg3 g6 18. Rfe1 Bh4 19. Be5 Qf8 20. g3 Be7 21.
h4 Bd6 22. Qf6 Bxe5 23. dxe5 Ba8 24. Rxd8 Qxd8 1/2-1/2

[Event "Mistrovstvi CR senioru nad 60 let"]
[Site "Rychnov nad Kneznou"]
[Date "2015.08.23"]
[Round "9.19"]
[White "Rucka, Alois"]
[Black "Brhlik, Antonin"]
[Result "1-0"]
[WhiteElo "1923"]
[BlackElo "1725"]
[PlyCount "55"]
[EventDate "2015.08.15"]

1. d4 Nf6 2. c4 g6 3. g3 Bg7 4. Bg2 O-O 5. Nc3 c6 6. e4 d6 7. Nge2 Nbd7 8. O-O
a5 9. a4 e5 10. d5 Nc5 11. b3 Qc7 12. Rb1 Nfd7 13. Be3 h6 14. Qd2 Kh7 15. Rfd1
Ra6 16. dxc6 Rxc6 17. Nb5 Qb8 18. Qxa5 Ne6 19. Qd2 Nf6 20. Nec3 Ne8 21. Nd5 Nd4
22. Nxd4 exd4 23. Bxd4 Be6 24. h4 Bxd5 25. exd5 Rc7 26. Re1 Bxd4 27. Qxd4 Ng7
28. Qb6 1-0

[Event "Mistrovstvi CR senioru nad 60 let"]
[Site "Rychnov nad Kneznou"]
[Date "2015.08.23"]
[Round "9.20"]
[White "Vesely, Emanuel"]
[Black "Briza, Jiri"]
[Result "0-1"]
[WhiteElo "1813"]
[BlackElo "1947"]
[PlyCount "78"]
[EventDate "2015.08.15"]

1. Nf3 f5 2. d4 e6 3. g3 b6 4. Bg2 Bb7 5. O-O Nf6 6. c4 Be7 7. Nc3 O-O 8. Ne5
Bxg2 9. Kxg2 d6 10. Nd3 Re8 11. f3 Nbd7 12. e4 fxe4 13. fxe4 e5 14. d5 a5 15.
Bg5 Nxd5 16. Nxd5 Bxg5 17. Qg4 Bh6 18. Rf3 c6 19. Nc3 Nf8 20. Raf1 Qg5 21. Qh3
Ne6 22. R1f2 Nd4 23. Rf7 Re7 24. Rxe7 Qxe7 25. Qh5 Rf8 26. Rxf8+ Qxf8 27. Nd1
g6 28. Qg4 Qf7 29. b3 Bd2 30. N1f2 Qe6 31. Qd1 Bh6 32. Ng4 Bg7 33. Ne3 h5 34.
h3 Bh6 35. Nc2 a4 36. Nxd4 exd4 37. Qc2 Qxe4+ 38. Kh2 axb3 39. axb3 h4 0-1

[Event "Mistrovstvi CR senioru nad 60 let"]
[Site "Rychnov nad Kneznou"]
[Date "2015.08.23"]
[Round "9.21"]
[White "Portych, Vaclav"]
[Black "Splitek, Lubos"]
[Result "1/2-1/2"]
[WhiteElo "1890"]
[BlackElo "1777"]
[PlyCount "20"]
[EventDate "2015.08.15"]

1. c4 c5 2. g3 g6 3. Bg2 Bg7 4. Nc3 Nc6 5. d3 e6 6. h4 h6 7. Bd2 Nge7 8. Nh3 e5
9. a3 d6 10. Rb1 Be6 1/2-1/2

[Event "Mistrovstvi CR senioru nad 60 let"]
[Site "Rychnov nad Kneznou"]
[Date "2015.08.23"]
[Round "9.22"]
[White "Kolek, Josef"]
[Black "Lacha, Jan"]
[Result "0-1"]
[WhiteElo "1798"]
[BlackElo "1840"]
[PlyCount "44"]
[EventDate "2015.08.15"]

1. c4 b6 2. g3 Bb7 3. Nf3 Nf6 4. Bg2 e6 5. O-O Be7 6. Nc3 d5 7. cxd5 exd5 8. d4
O-O 9. Bf4 Nh5 10. Be3 Nd7 11. Rc1 Rc8 12. a3 f5 13. Qd3 f4 14. Bd2 g5 15. g4
Ng7 16. Ne5 Nxe5 17. dxe5 c6 18. b4 Qd7 19. Kh1 Qe6 20. e4 Qxe5 21. exd5 f3 22.
Bxf3 Bd6 0-1

[Event "Mistrovstvi CR senioru nad 60 let"]
[Site "Rychnov nad Kneznou"]
[Date "2015.08.23"]
[Round "9.23"]
[White "Pittermann, Jan"]
[Black "Janecek, Frantisek"]
[Result "0-1"]
[WhiteElo "1832"]
[BlackElo "1697"]
[PlyCount "34"]
[EventDate "2015.08.15"]

1. e4 e5 2. Nf3 Nc6 3. Bb5 a6 4. Ba4 b5 5. Bb3 Nf6 6. O-O Be7 7. Re1 O-O 8. c3
d5 9. exd5 e4 10. dxc6 exf3 11. Qxf3 Bg4 12. Qe3 Re8 13. d4 Bd6 14. Qd2 Ne4 15.
Rxe4 Rxe4 16. Bd1 Bf4 17. Qxf4 Re1# 0-1

[Event "Mistrovstvi CR senioru nad 60 let"]
[Site "Rychnov nad Kneznou"]
[Date "2015.08.23"]
[Round "9.24"]
[White "Bartosek, Ivan"]
[Black "Mares, Ilja"]
[Result "0-1"]
[WhiteElo "1812"]
[BlackElo "1787"]
[PlyCount "88"]
[EventDate "2015.08.15"]

1. e4 c5 2. c3 d6 3. d4 cxd4 4. cxd4 Nf6 5. Nc3 g6 6. f4 Bg7 7. Nf3 O-O 8. Bc4
Nc6 9. O-O Nxe4 10. Bxf7+ Rxf7 11. Nxe4 Bg4 12. Be3 Qb6 13. Neg5 Rff8 14. Qd3
Bf5 15. Qc4+ e6 16. Nxe6 Bxe6 17. Qxe6+ Kh8 18. Rfe1 Qd8 19. Ng5 Qf6 20. Rad1
Nb4 21. Qb3 Nc6 22. Qxb7 Ne7 23. Qb3 d5 24. Bf2 Qxf4 25. Be3 Qg4 26. h3 Qd7 27.
Nf3 Rxf3 28. gxf3 Qxh3 29. Bf2 Qd7 30. Qe3 Nf5 31. Qe6 Qb5 32. b3 Rf8 33. Kg2
Bf6 34. Qe2 Qb4 35. Qd2 Qd6 36. Re2 Nh4+ 37. Bxh4 Bxh4 38. Re5 Bf6 39. Re2 Bh4
40. Re5 Bf6 41. f4 Bxe5 42. fxe5 Qe6 43. Qg5 Qf7 44. Qg3 Qf5 0-1

[Event "Mistrovstvi CR senioru nad 60 let"]
[Site "Rychnov nad Kneznou"]
[Date "2015.08.23"]
[Round "9.25"]
[White "Klimes, Jiri"]
[Black "Pospisil, Petr"]
[Result "1-0"]
[WhiteElo "1882"]
[BlackElo "1717"]
[PlyCount "54"]
[EventDate "2015.08.15"]

1. e4 c5 2. Nf3 d6 3. d4 cxd4 4. Nxd4 Nf6 5. Nc3 a6 6. a4 e6 7. Be3 Qc7 8. f4
Be7 9. Be2 Bd7 10. O-O O-O 11. Qe1 Nc6 12. Qg3 Kh8 13. h4 Rac8 14. h5 Rg8 15.
Nf3 Ne8 16. Ng5 Nd8 17. a5 Bxg5 18. fxg5 f5 19. exf5 Qc6 20. h6 exf5 21. hxg7+
Nxg7 22. Ra4 Be8 23. Rh4 d5 24. Bf3 Qe6 25. Bxd5 Qe7 26. Bxg8 Kxg8 27. Rd4 Qf7
1-0

[Event "Mistrovstvi CR senioru nad 70 let a nad 80 let"]
[Site "Rychnov nad Kneznou"]
[Date "2015.08.23"]
[Round "9.2"]
[White "Bohuslav, Jan"]
[Black "Pojedziniec, Wladyslaw"]
[Result "1/2-1/2"]
[WhiteElo "1961"]
[BlackElo "2048"]
[EventDate "2015.08.15"]

1. e4  c5  2. Nf3  e6
3. Nc3  a6  4. g3
Nc6 5. Bg2 Nf6  6. O-O  d6
7. d4  cxd4  8. Nxd4
Bd7  9. Be3  Be7
10. Nb3  b5  11. a4
Rb8  12. axb5  axb5
13. Qe2  Ne5  14. Nd4
b4  15. Na4  Qc7
16. Rfd1  O-O  17. b3
Rfd8  18. h3  Ng6
19. Qd2  d5  20. exd5
Nxd5  21. Bxd5  exd5
22. Kg2  h5  23. f4
h4  24. g4  Bd6
25. Rf1  Re8  26. f5  Ne5
27. Bg5  Nc6  28. Nf3
Ne5  29. Nxh4  Rbc8
30. Rf2  d4  31. f6
Bc6+  32. Kg1  Bb7
33. fxg7  Qc6  34. Rg2
Ng6  35. Nf5  Be5
36. Rf1  f6  37. Bh6
Qxg2+  38. Qxg2  Bxg2
39. Kxg2  Rxc2+  40. Rf2
Rxf2+  41. Kxf2  Bf4
42. h4  d3  43. h5
d2  44. Nb2  Bxh6
45. Nxh6+  Kxg7  46. Nf5+
Kh7  47. hxg6+  Kxg6
48. Ne3 1/2-1/2

[Event "Mistrovstvi CR senioru nad 70 let a nad 80 let"]
[Site "Rychnov nad Kneznou"]
[Date "2015.08.23"]
[Round "9.3"]
[White "Chmelik, Jiri"]
[Black "Pecka, Frantisek"]
[Result "0-1"]
[WhiteElo "1981"]
[BlackElo "2069"]
[EventDate "2015.08.15"]

1. d4  d5  2. c4  e6
3. Nc3  Nf6  4. Bg5
Be7  5. e3  Nbd7
6. cxd5  exd5  7. Bd3
c6  8. Nge2  O-O
9. O-O  Re8  10. Qd2
h6  11. Bh4  Bd6
12. Bg3  Nf8  13. Rad1
Bg4  14. f3  Bxg3
15. Nxg3  Bd7  16. Qf2
Qe7  17. Rfe1  Be6
18. e4  dxe4  19. fxe4
Ng4  20. Qd2  Qh4
21. Nf1  Rad8  22. Bc2
Bc4  23. h3  Nf6
24. Qf2  Qxf2+  25. Kxf2
Ne6  26. e5  Nd5
27. Ne3  Nxc3  28. bxc3
Bxa2  29. Ra1  Bd5
30. Rxa7  b5  31. Nf5
Ra8  32. Rea1  Rxa7
33. Rxa7  Nf4  34. Nd6
Rf8  35. Be4  f6
36. Bxd5+  cxd5  37. Nxb5
fxe5  38. dxe5  Nd3+
39. Kg3  Nxe5 0-1

[Event "Mistrovstvi CR senioru nad 70 let a nad "]
[Site "Rychnov nad Kneznou"]
[Date "2015.08.23"]
[Round "9.4"]
[White "Volf, Jaroslav"]
[Black "Most, Zdenek"]
[Result "1/2-1/2"]
[WhiteElo "2045"]
[BlackElo "2033"]
[PlyCount "84"]
[EventDate "2015.08.15"]

1. e4 c5 2. c3 g6 3. d4 Qa5 4. dxc5 Qxc5 5. Be3 Qc7 6. Na3 Nc6 7. Nb5 Qd8 8.
Nd4 Bg7 9. g3 d6 10. Bg2 Bd7 11. Nge2 Nf6 12. O-O O-O 13. f3 a6 14. Qd2 Ne5 15.
b3 Rc8 16. Rac1 d5 17. f4 Neg4 18. exd5 Nxe3 19. Qxe3 b5 20. Nc6 Nxd5 21. Bxd5
Bxc6 22. Bxc6 Rxc6 23. Rfd1 Qc7 24. Kg2 e6 25. Rd3 Rc8 26. Rc2 h5 27. h3 Rc5
28. Qf3 Rd8 29. Rcd2 Rxd3 30. Rxd3 Bf6 31. Qa8+ Qc8 32. Qxc8+ Rxc8 33. Rd6 Ra8
34. Kf3 Kf8 35. Rb6 Rc8 36. Rxa6 Bxc3 37. Nxc3 Rxc3+ 38. Kg2 Rc2+ 39. Kf3 Rc3+
40. Kg2 Kg7 41. Rb6 Rc2+ 42. Kf3 Rc3+ 1/2-1/2

[Event "Mistrovstvi CR senioru nad 70 let a nad "]
[Site "Rychnov nad Kneznou"]
[Date "2015.08.23"]
[Round "9.5"]
[White "Pavlicek, Petr"]
[Black "Vitek, Vaclav"]
[Result "0-1"]
[WhiteElo "1931"]
[BlackElo "2038"]
[PlyCount "50"]
[EventDate "2015.08.15"]

1. e4 e5 2. Nf3 Nc6 3. Bb5 f5 4. Nc3 Nd4 5. Nxd4 exd4 6. Ne2 fxe4 7. Nxd4 Qf6
8. c3 c6 9. Ba4 d5 10. Qh5+ Kd8 11. O-O g6 12. Qe2 Bc5 13. Nc2 Bf5 14. b4 Bb6
15. Bb3 Ne7 16. Ne1 Rf8 17. Kh1 Qh4 18. Bd1 h5 19. g3 Qh3 20. f3 exf3 21. Nxf3
Be4 22. Qg2 Qxg2+ 23. Kxg2 g5 24. d3 Bxd3 25. Re1 g4 0-1

[Event "Mistrovstvi CR senioru nad 70 let a nad "]
[Site "Rychnov nad Kneznou"]
[Date "2015.08.23"]
[Round "9.6"]
[White "Skokan, Zdenek"]
[Black "Laszkiewicz, Jerzy"]
[Result "1/2-1/2"]
[WhiteElo "1995"]
[BlackElo "1935"]
[PlyCount "21"]
[EventDate "2015.08.15"]

1. e4 c5 2. Nf3 Nc6 3. d4 cxd4 4. Nxd4 e5 5. Nf3 Nf6 6. Nc3 d6 7. Bg5 Be7 8. h3
O-O 9. Qd2 Ne8 10. Bxe7 Qxe7 11. Bc4 1/2-1/2

[Event "Mistrovstvi CR senioru nad 70 let a nad "]
[Site "Rychnov nad Kneznou"]
[Date "2015.08.23"]
[Round "9.7"]
[White "Haderka, Karel"]
[Black "Zeman, Ladislav"]
[Result "0-1"]
[WhiteElo "1820"]
[BlackElo "1849"]
[PlyCount "62"]
[EventDate "2015.08.15"]

1. c4 Nf6 2. Nc3 e5 3. g3 g6 4. Bg2 Bg7 5. e3 O-O 6. Nge2 Nc6 7. d4 d6 8. d5
Ne7 9. O-O Bg4 10. h3 Bd7 11. e4 Qc8 12. Kh2 h6 13. Be3 Ne8 14. Qd2 Kh7 15. f4
exf4 16. gxf4 f5 17. Bd4 fxe4 18. Bxg7 Nxg7 19. Nxe4 Nef5 20. Rf2 Nh4 21. Bf1
g5 22. Qc3 Bf5 23. Nf6+ Kg6 24. fxg5 hxg5 25. Ng4 Bxg4 26. Rxf8 Qxf8 27. hxg4
Qf2+ 28. Kh1 Rh8 29. Qh3 Re8 30. Qd3+ Kh6 31. Qd4 Rxe2 0-1

[Event "Mistrovstvi CR senioru nad 70 let a nad "]
[Site "Rychnov nad Kneznou"]
[Date "2015.08.23"]
[Round "9.8"]
[White "Folta, Jaroslav"]
[Black "Vlasak, Ladislav"]
[Result "1-0"]
[WhiteElo "1768"]
[BlackElo "1771"]
[PlyCount "85"]
[EventDate "2015.08.15"]

1. d4 Nf6 2. Bg5 g6 3. e3 Bg7 4. Nf3 O-O 5. c4 d6 6. Nc3 c5 7. d5 e6 8. Be2
exd5 9. Nxd5 h6 10. Nxf6+ Bxf6 11. Bxh6 Bxb2 12. Bxf8 Qa5+ 13. Nd2 Qc3 14. Rb1
Kxf8 15. O-O Bf5 16. e4 Be6 17. Nf3 Ke7 18. Qd2 Qxd2 19. Nxd2 Bc3 20. Rxb7+ Kf6
21. Rd1 Nc6 22. Nf3 Nd4 23. Nxd4 Bxd4 24. Rdb1 a5 25. a4 Rh8 26. Bd3 Be5 27. h3
Kg5 28. R7b5 Bc3 29. Rb6 Rd8 30. g3 Bxh3 31. Rb7 Be6 32. f4+ Kf6 33. Kf2 Rh8
34. Kg2 Bg4 35. f5 gxf5 36. exf5 Rh5 37. Be4 Ke5 38. Bd5 Bh3+ 39. Kf3 Rxf5+ 40.
Ke3 Bd4+ 41. Kd3 Bf1+ 42. Rxf1 Rxf1 43. Re7+ 1-0